Every Dragon Type Pokémon - Statistics

General Stats
  • This quiz has been taken 20 times
  • The average score is 60 of 75
Answer Stats
Debut Region Pokédex Number Pokémon % Correct
Kanto 006 Charizard (Mega X)
100%
148 Dragonair
100%
149 Dragonite
100%
147 Dratini
100%
371 Bagon
94%
483 Dialga
94%
487 Giratina
94%
635 Hydreigon
94%
484 Palkia
94%
373 Salamence
94%
372 Shelgon
94%
Unova 610 Axew
88%
633 Deino
88%
103 Exeggutor (Alolan)
88%
444 Gabite
88%
445 Garchomp
88%
Sinnoh 443 Gible
88%
706 Goodra
88%
704 Goomy
88%
230 Kingdra
88%
380 Latias
88%
381 Latios
88%
384 Rayquaza
88%
621 Druddigon
82%
611 Fraxure
82%
783 Hakamo-o
82%
612 Haxorus
82%
782 Jangmo-o
82%
784 Kommo-o
82%
646 Kyurem
82%
643 Reshiram
82%
705 Sliggoo
82%
644 Zekrom
82%
634 Zweilous
82%
718 Zygarde
82%
334 Altaria
76%
Johto 181 Ampharos (Mega)
76%
842 Appletun
76%
Galar 840 Applin
76%
887 Dragapult
76%
886 Drakloak
76%
885 Dreepy
76%
884 Duraludon
76%
841 Flapple
76%
330 Flygon
76%
799 Guzzlord
76%
714 Noibat
76%
715 Noivern
76%
895 Regidrago
76%
Hoenn 254 Sceptile (Mega)
76%
329 Vibrava
76%
1018 Archaludon
71%
997 Arctibax
71%
998 Baxcalibur
71%
882 Dracovish
71%
880 Dracozolt
71%
Kalos 691 Dragalge
71%
890 Eternatus
71%
996 Frigibax
71%
1019 Hydrapple
71%
1007 Koraidon
71%
1008 Miraidon
71%
800 Necrozma (Ultra)
71%
978 Tatsugiri
71%
697 Tyrantrum
71%
696 Tyrunt
71%
Paldea 967 Cyclizar
65%
1011 Dipplin
65%
780 Drampa
65%
1020 Gouging Fire
65%
804 Naganadel
65%
1021 Raging Bolt
65%
1005 Roaring Moon
65%
Alola 776 Turtonator
65%
1009 Walking Wake
65%
No matching quizzes found
Score Distribution
Percent of People with Each Score
Percentile by Number Answered
Your Score History
You have not taken this quiz